000 00465nam a2200157 i 4500
001 bg
100 1 _aKACZOREK, Tadeusz
_d(1932- ).
245 0 _aTeoria sterowania.
_nT. 2,
_pUkłady nieliniowe, procesy stochastyczne oraz optymalizacja statyczna i dynamiczna /
_cTadeusz Kaczorek.
260 _aWarszawa,
_c1981.
650 9 _aSterowanie
_xteoria
040 _cBPK
041 _apol
080 _a681.5
942 _cKS
008 s pl f |000 0 pol
999 _c20167
_d20167
856 _uhttp://koha.tu.koszalin.pl/cgi-bin/koha/opac-detail.pl?biblionumber=20167
_yKatalog online BPK